000 00620nam a2200241 a 4500
001 nice12345678
003 IN_TiNIC
005 20260116014832.0
008 070417s2003 lona grp 000 0 eng
020 _a1850433968
_c795
082 0 0 _a324.245
_bBUR
100 _aBurke, Jason
245 _aAl-Qaeda
_b Casting a Shadow of Terror
260 _aLondon
_bTauris Pub.
_c2003
300 _a292p
500 _aincludes index and biblioraphy
505 2 _aIndex, Bibliography
650 _aReligious Fundamentalism-Islamic
700 1 _aBurke, Jason
902 _bSRS
942 _cBK
999 _c17209
_d17209